000 00932nam a2200289Ia 4500
003 OSt
005 20221007121859.0
006 a|||||r|||| 00| 0
007 ta
008 221006b |||||||| |||| 00| 0 eng d
020 _a8173193339 (pbk)
_cRs.350.00
024 _a11664
037 _bApple,
_cTextual
040 _aBDL
_cBDL
_beng
041 _2eng
_aeng
082 _aI:3, P4
100 _aSinha R K
245 0 _aModern plant physiology by R K Sinha
260 _aNew
_bDelhi Narosa Publishing House
_c2004
300 _axiv, 620p
_ccm.
500 _aIndex 613-620p; ^n23/CSL/CARB/2003-2004/1229^d2004-01-29^mPurchase; ; 2003-04/775^b2004-02-23^c146/2003-2004^d2004-02-12^eRs.16,399.80^fApple Books; ; 2004-04-06^bSB^c2004-04-06^dVinay
650 _a Physiology
650 _a Plant
_9431280
650 _aBotany
942 _hI:3, P4
_cTEXL
_2CC
999 _c1209477
_d1209477